000 01530nkm a2200325 i 4500
001 3714
003 ES-MaACL
005 20250713062807.0
007 khrbo
008 070605s1986 sp --- g |001||spa d
100 0 _aAlfonso,
_d1902-1990
_919858
245 1 0 _aLectura dramatizada de "Pozos" de Miguel Angel Collado Segovia [
_hFotografía] /
_cAlfonso (sello).
260 _a[S.l. :
_bs.n.],
_c1986.
300 _a12 fot. :
_bb. y n. ;
_c12 x 18 cm.
500 _aDatos basados en invitación.
511 0 _aIntervienen: Arturo Acero, José Ramón Fernández, Adelardo Ventura, Víctor Manuel Domínguez, Casandra Valverde; presentación del autor: Carlos Miguel Suárez Radillo; dirección: Antonio Joven Peiro.
518 _aActo organizado por el Ateneo de Madrid a propuesta de la Sección de Teatro, celebrado en el salón de actos el sábado, 15 de febrero de 1986, a las 20:00 h.
600 1 4 _aCollado Segovia, Miguel Ángel.
_939663
600 1 4 _aAcero, Arturo.
_918224
600 1 4 _aFernández, José Ramón.
_949388
600 1 4 _aVentura, Adelardo.
_9113916
600 1 4 _aValverde, Casandra.
_9113004
600 1 4 _aSuárez Radillo, Carlos Miguel.
_9108651
600 1 4 _aJoven Peiro, Antonio.
_967057
610 2 4 _aAteneo de Madrid-
_xActos culturales-
_y1986-
_vFotografías.
_91901
710 2 _aAteneo de Madrid.
_bSección de Teatro.
_92010
852 _aES-MaACL
_jFOT 36/1986
856 4 _uhttp://www.ateneodemadrid.net/biblioteca_digital/imagenes/1986/0036-1986.jpg
_zVer imagen
999 _c3714
_d3714